000 00323nam a2200121Ia 4500
008 180117s9999 xx 000 0 und d
100 _aby Alex Y Vergara
245 _aSummer Wishes, Summer dreams
260 _c2017
300 _a22-25 pages, 2017 March 12
440 _aPhilippine Panorama
650 _aWISHES AND DREAMS
999 _c353420
_d353420